Prueba de Galicia - Estadísticas

Estadísticas generales
  • Esta prueba ha sido intentada 5.446 veces
  • La puntuación promedio es 10 de 16
Estadísticas de respuestas
Hint Respuesta % Correcto
Segunda ciudad más poblada A Coruña
95%
Capital de la Comunidad Santiago de Compostela
95%
Ciudad más poblada Vigo
95%
Dictador de España originario de Ferrol Francisco Franco
91%
Marca de ropa que tuvo su primera tienda en A Coruña Zara
90%
Río más largo de Galicia Miño
88%
Expresidente del Gobierno de España Mariano Rajoy
85%
Autora de Cantares Gallegos Rosalía De Castro
74%
Accidente geográfico típico de la costa gallega Ría
64%
Año de aprobación del estatuto de autonomía 1981
55%
Famosa cerámica gallega Sargadelos
41%
Mezcla cuyos ingredientes principales son el aguardiente y el azúcar Queimada
38%
Pueblo germánico que fundó en Galicia un reino independiente por 170 años Suevo
36%
Nombre del himno gallego Os pinos
27%
Fuentes de aguas termales de Ourense Burgas
16%
Primer presidente de la Xunta de Galicia Gerardo Fernández Albor
11%
No se encontraron pruebas coincidentes
Distribución de puntuación
Porcentaje de gente con cada puntuación
Porcentaje por número respondido
Historial de tus puntuaciones
No has intentado esta prueba.